000 00580nam a22001697a 4500
005 20251108165509.0
008 250721s1975 xx 000 0 ara d
082 1 4 _aم/210.69/شيب
100 1 _aالشيباني، محمد بن الحسن
245 1 0 _aالقانون الدولي الإسلامي :
_bكتاب السير للشيباني /
264 1 _aبيروت :
_bالدار المتحدة للنشر،
_c1975.
300 _a299ص
650 1 7 _aالأحكام السلطانيه
700 1 _aخدوري، مجيد
_eتحقيق
942 _2ddc
_cREF
999 _c29319
_d29319